Norma Chilena Oficial NCh 1430 Of97
Saved in:
| Corporate Authors: | , |
|---|---|
| Format: | Book |
| Language: | Spanish |
| Published: |
Santiago
Instituto Nacional de Normalización
1997
|
| Edition: | 1a. ed |
| Subjects: | |
| Tags: |
Add Tag
No Tags, Be the first to tag this record!
|
MARC
| LEADER | 00000nam a2200000 a 4500 | ||
|---|---|---|---|
| 001 | UCK5798 | ||
| 003 | CL-VaPUC | ||
| 008 | 050826e19970000CL |||||||||||||||||spa|d | ||
| 082 | 0 | 4 | |a 693.82 |b INS |2 21 |
| 110 | 2 | |a Instituto Nacional de Normalización |e author |9 494754 | |
| 710 | 2 | |a INN |e author |9 494755 | |
| 245 | 1 | 0 | |a Norma Chilena Oficial NCh 1430 Of97 |
| 246 | 1 | 0 | |a Extintores portátiles - Características y rotulación |
| 250 | |a 1a. ed | ||
| 300 | |a 9 p | ||
| 942 | |c BK | ||
| 945 | |d 20050826 00:00:00 |a cmena | ||
| 260 | |a Santiago |b Instituto Nacional de Normalización |c 1997 | ||
| 650 | 0 | |a Prevención de incendios |9 421376 | |
| 650 | 0 | |a Edificios |9 260501 | |
| 650 | 7 | |a EXTINTORES |2 CL-VaPUC |9 494756 | |
| 650 | 0 | |a Medidas de seguridad |9 264085 | |
| 583 | |a last modification |c 20050826 00:00:00 |k Rodrigo Vera | ||
| 999 | |c 314261 |d 314259 | ||